01039nai a2200229Ia 4500003000900000008004100009022002200050022002300072040001600095245008100111260008600192310001400278362002800292521006900320650003700389650004300426650005700469856009300526942000700619999001700626952016600643IN-BaIIA211028c9999 xx s 000 0 eng d a2168-2690 (Print) a2168-2704 (Online) cIIA Library 0aTransactions of the IRE Professional Group on Information Theoryh[eJournal] aNew York, USAbThe Institute of Electrical and Electronics Engineers, Inc. (IEEE) aBiannualy a1(1); 1953 - 4(4); 1954 bSubscribed through National Knowledge Resource Consortium (NKRC) a Computing and Processing948785 a Signal Processing and Analysis948813 aCommunication, Networking and Broadcast Technologies uhttps://ieeexplore.ieee.org/servlet/opac?punumber=4547596yClick Here to Access eJournal cEJ c35828d35828 00104070aBANbBANd2009-01-01eNKRCh1(1); 1953 - 4(4); 1954l0pEJ1912r2021-11-05uhttps://ieeexplore.ieee.org/servlet/opac?punumber=4547596w2021-11-05yEJ